Gestão da educação corporativa : (Record no. 1038)

MARC details
000 -LÍDER
Campo Fixo de Controle 00842nam a2200253 a 4500
001 - NÚMERO DE CONTROLE
Campo de Controle 1038
003 - IDENTIFICAÇÃO DO NÚMERO DE CONTROLE
Campo de Controle BR-CuiBMT
005 - DATA E HORA DA ÚLTIMA ATUALIZAÇÃO
Campo de Controle 20231129005014.0
008 - DADOS FIXOS
Dados Fixos 231125s2007 spba 000 0 por d
020 ## - INTERNATIONAL STANDARD BOOK NUMBER
Nº do ISBN 8576051087
040 ## - AGÊNCIA CATALOGADORA
Código da Agência Catalogadora BR-CuiBMT
Agência que transcreveu o registro BR-CuiBMT
080 ## - Nº DA CLASSIFICAÇÃO DECIMAL UNIVERSAL
Nº edição CDU 2007
Nº Class. CDU 37.018.4
090 ## - NÚMERO DE CHAMADA
Nº classificação 37.018.4
Cutter G393
245 00 - TÍTULO PRINCIPAL
Título principal Gestão da educação corporativa :
Subtítulo cases, reflexões e ações em educação a distância /
Indicação de responsabilidade Eleonora Jorge Ricardo, organizadora.
260 ## - PUBLICAÇÃO, DISTRIBUIÇÃO, ETC.
Local de publicação São Paulo :
Editora Pearson Prentice Hal,
Data c2007.
300 ## - DESCRIÇÃO FÍSICA
N. páginas ou volumes xx, 194 p. :
Ilustrações il. ;
Dimensões 24 cm
500 ## - NOTAS GERAIS
Notas gerais Vários autores.
504 ## - NOTA DE BIBLIOGRAFIA, ETC.
Nota de bibliografia Inclui bibliografia.
650 ## - ASSUNTO TÓPICO
Cabeçalho tópico ou nome geográfico Educação corporativa
650 ## - ASSUNTO TÓPICO
Cabeçalho tópico ou nome geográfico Gestão do conhecimento
Subdivisão geral Treinamento de pessoal
650 ## - ASSUNTO TÓPICO
Cabeçalho tópico ou nome geográfico Administração de pessoal
700 1# - ENTRADA SECUNDÁRIA -- NOME PESSOAL
Nome pessoal Ricardo, Eleonora Jorge
Cód. do termo explicativo org.
942 ## - ELEMENTOS DE ENTRADA ADICIONAIS (KOHA)
Fonte de classificação ou esquema de arquivamento Classificação Decimal Universal
Tipo de item do Koha Livros
Holdings
Estado: removido Estado: perdido Fonte de classificação ou esquema de arquivamento Estado: danificado Indisponível para empréstimo Localização permanente Localização atual Data de aquisição Total Checkouts Número de Chamada completo Código de barras Date last seen Número do exemplar Preço efetivo a partir de Tipo de item (Koha)
    Classificação Decimal Universal     Biblioteca da Escola Superior de Contas do TCE/MT Biblioteca da Escola Superior de Contas do TCE/MT 27/11/2023   37.018.4 G393 BIBTCEMT23111162 27/11/2023 Ex. 1 27/11/2023 Livros

Powered by Koha